000 00777nam a2200181Ia 4500
008 100920s9999 xx 000 0 und d
082 _b100134
_a--- न 07
100 _aहरकारे अरूण.
245 _aकर्पुरीदेवी आणि पृथ्वीराज चौहान.
260 _bनंदादीप बुक सर्व्हिसेस्र, सोलापूर.
_c2007
300 _a224
_bसाधी
365 _b200
520 _aकादंबरी.
630 _aकर्पुरीदेवी आणि पृथ्वीराज चौहान.
650 _aकादंबरी.
730 _aकर्पुरीदेवी आणि पृथ्वीराज चौहान.
942 _cBOOK
999 _c740572
_d740569